লোডিং...

Immunology/5th ed.

গ্রন্থ-পঞ্জীর বিবরন
প্রধান লেখক: Joshi, K. R.
অন্যান্য লেখক: Osamo,N O
বিন্যাস: Printed Book
ভাষা:English
প্রকাশিত: Jodhpur Agrobios 2003
সংস্করন:5th ed.
বিষয়গুলি:
LEADER 00577nam a2200193 a 4500
005 20151028162053.0
008 960221s1955 dcuabcdjdbkoqu001 0deng d
003 ViArRB
082 |a 574.29 
100 |a Joshi, K. R.  |9 20188 
245 |a  Immunology/5th ed. 
250 |a 5th ed. 
653 |a Immunodeficiency hypersensitivity  
700 |a Osamo,N O  |9 20187 
942 |c BK  |6 _ 
942 |c BK 
260 |a Jodhpur  |b Agrobios  |c 2003 
999 |c 74442  |d 74442 
952 |0 0  |1 0  |4 0  |6 57429_P3  |7 0  |9 86845  |a SOS   |b SOS   |d 0000-00-00  |l 3  |m 1  |o 574.29 P3  |p MS012646  |r 2014-03-24  |s 2014-03-18  |w 2009-07-13  |y BK